000
00309nam a2200109Ia 4500
008
171211s9999 xx 000 0 und d
245
4
_a
The Project Management Communications Toolkit
245
_c
Carl Pritchard
260
_c
2004
650
_x
BUSINESS
856
_u
http://down.ebook777.com/063/1580537472.pdf
999
_c
349476
_d
349476